[Event "WYb14"]
[Site "Kemer TUR"]
[Date "2007.11.22"]
[Round "6"]
[White "Komut,B"]
[Black "Dubessay,B"]
[Result "1-0"]
[WhiteElo "1847"]
[BlackElo "2097"]

1.d4 Nf6 2.Nf3 g6 3.c4 Bg7 4.Nc3 O-O 5.e4 d6 6.Be2 e5 7.dxe5 dxe5 8.Qxd8 Rxd8
9.Bg5 Nbd7 10.O-O-O Rf8 11.Nd2 c6 12.Nb3 h6 13.Be3 Nh7 14.f3 Ng5 15.Na4 f5
16.Bxg5 hxg5 17.Rhf1 Nf6 18.Nc3 Kf7 19.c5 Be6 20.Nd2 Nd7 21.b4 b6 22.cxb6 Nxb6
23.Nb3 Rfc8 24.Kb2 Bc4 25.a3 Bxe2 26.Nxe2 Nc4+ 27.Ka2 Ne3 28.Rd7+ Ke8 29.Rxg7 Nxf1
30.Rxg6 fxe4 31.fxe4 Kf7 32.Rxg5 Nxh2 33.Rxe5 Rf8 34.Nc5 Kg6 35.Nd4 Rf2+
36.Kb3 Rxg2 37.Nxc6 Nf3 38.Re6+ Kf7 39.Re7+ Kf6 40.Nd7+ Kg6 41.Nc5 Nd2+ 42.Ka4 a6
43.Re6+ Kg7 44.Re7+ Kg6 45.Re6+ Kg7 46.Ne5 Re2 47.Ned3 Kf7 48.Rxa6 Rxa6+
49.Nxa6 Rxe4 50.Kb5 Ke7 51.Nac5 Rh4 52.a4 Kd6 53.a5 Rh8 54.a6 Kc7 55.a7 Nb1
56.Ka6 Na3 57.Ne6+ Kc6 58.Nd4+ Kc7 59.Nc5 Nc4 60.b5 Kd6 61.Nb7+ Kd5 62.Nc6 Nd6
63.Nxd6 Kxd6 64.Nb8 Rh1 65.Kb6 Ra1 66.Na6  1-0

[Event "WYb14"]
[Site "Kemer TUR"]
[Date "2007.11.22"]
[Round "6"]
[White "Arvola,B"]
[Black "Schneider,Raf"]
[Result "1-0"]
[WhiteElo "2051"]
[BlackElo "1752"]

1.d4 Nf6 2.c4 g6 3.Nc3 Bg7 4.e4 d6 5.Nf3 O-O 6.Be2 e5 7.O-O c6 8.Bg5 Nbd7
9.Re1 h6 10.Be3 a6 11.d5 cxd5 12.cxd5 b5 13.Nd2 Bb7 14.a4 b4 15.Na2 a5 16.Nc1 Ne8
17.Ncb3 Kh7 18.Bd3 Ba6 19.Bxa6 Rxa6 20.Qe2 Ra8 21.Rec1 f5 22.f3 f4 23.Bf2 Rc8
24.Rxc8 Qxc8 25.Rc1 Qa8 26.Qb5 Nef6 27.Qc6 Qd8 28.Qxd6 Ne8 29.Qc6 Rf6 30.Qc8  1-0

[Event "WYb18"]
[Site "Kemer TUR"]
[Date "2007.11.24"]
[Round "7"]
[White "Lalith,B"]
[Black "Schiendorfer,E"]
[Result "1-0"]
[WhiteElo "2350"]
[BlackElo "2163"]

1.Nf3 Nf6 2.c4 g6 3.Nc3 Bg7 4.e4 d6 5.d4 O-O 6.Be2 e5 7.dxe5 dxe5 8.Qxd8 Rxd8
9.Bg5 Re8 10.O-O-O Na6 11.Ne1 Nc5 12.f3 Ne6 13.Be3 c6 14.Nc2 b6 15.Rd2 Bb7
16.Rhd1 Bf8 17.b4 Red8 18.a4 Be7 19.b5 Rxd2 20.Rxd2 c5 21.Nd5 Bxd5 22.cxd5 Nd4
23.Kb2 Ne8 24.Na3 f6 25.Nc4 Nd6 26.Kc3 Nxe2+ 27.Rxe2 Nxc4 28.Kxc4 Kf7 29.Ra2 Rb8
30.a5 Rb7 31.axb6 axb6 32.Ra8 Bd6 33.Rd8 Be7 34.Rh8 Kg7 35.Rc8 Kf7 36.d6 Bxd6
37.Kd5 Rc7 38.Rb8 Be7 39.Rxb6 Rd7+ 40.Kc4 Rd1 41.Rc6 Rh1 42.b6 Rb1 43.Bxc5 Rc1+
44.Kb5 Rb1+ 45.Ka6 Rc1 46.b7 Ra1+ 47.Kb6 Bd8+ 48.Kb5 Rb1+ 49.Bb4 Be7 50.Rc5 Bd6
51.Rc4 Ke6 52.Kc6 Bb8 53.Bc5 Rd1 54.Ra4 h5 55.Ra8 Rd8 56.Bb6  1-0

[Event "20th Belgrade Trophy"]
[Site "Belgrade SRB"]
[Date "2007.11.25"]
[Round "4"]
[White "Zivanic,M"]
[Black "Martic,I"]
[Result "1-0"]
[WhiteElo "2460"]
[BlackElo "2304"]

1.d4 Nf6 2.c4 g6 3.Nc3 Bg7 4.e4 d6 5.Nf3 O-O 6.Be2 e5 7.Be3 Nbd7 8.d5 Ng4
9.Bg5 f6 10.Bd2 f5 11.Ng5 Nc5 12.b4 fxe4 13.Ngxe4 Nxe4 14.Nxe4 Bf5 15.Bxg4 Bxe4
16.O-O Qh4 17.Rc1 Rae8 18.Be3 Kh8 19.Bd7 Re7 20.Be6 Bf5 21.Qd2 h6 22.c5 a6
23.g3 Qh3 24.Rc4 e4 25.Rxe4 Rxe6 26.Rxe6 Bg4 27.f3 Bxe6 28.dxe6 Qxe6 29.Bxh6 Bxh6
30.Qxh6+ Kg8 31.cxd6 cxd6 32.Qd2 Re8 33.Rd1 Rd8 34.Re1 Qf7 35.Qd4 d5 36.Kg2 Rc8
37.Re2 Rc4 38.Qe5 Rc8 39.Qd6 Rf8 40.f4 Rc8 41.Rd2 Rc6 42.Qxd5 Qxd5+ 43.Rxd5 Rc2+
44.Kh3 Kf7 45.Rd7+ Ke6 46.Rxb7 Rxa2 47.Rb6+ Kf5 48.Rc6 Ra4 49.Rc5+ Ke4 50.b5 Ra5
51.Re5+ Kf3 52.b6 Ra2 53.Rg5 Rb2 54.Rxg6 a5 55.Rc6 a4 56.Rc3+  1-0

[Event "20th Belgrade Trophy"]
[Site "Belgrade SRB"]
[Date "2007.11.25"]
[Round "4"]
[White "Scepanovic,R"]
[Black "Vajic,G"]
[Result "1-0"]
[WhiteElo "2250"]
[BlackElo "2029"]

1.d4 Nf6 2.c4 g6 3.Nc3 Bg7 4.e4 d6 5.Nf3 O-O 6.Be2 e5 7.Be3 Ng4 8.Bg5 f6
9.Bc1 f5 10.exf5 Bxf5 11.h3 Nxf2 12.Kxf2 e4 13.Bg5 Qe8 14.Re1 h6 15.Be3 Nc6
16.Nh2 Bxh3+ 17.Kg1 Bd7 18.Qd2 Qe7 19.Rf1 Qh4 20.Rxf8+ Rxf8 21.Rf1 Rf5 22.Nd5 Qg3
23.Rxf5 gxf5 24.Nf1 Qh4 25.b4 Qd8 26.b5 Ne7 27.Nxe7+ Qxe7 28.Bxh6 Bf6 29.a4 Qh7
30.Bg5 Bg7 31.Ne3 c6 32.Nc2 Qg6 33.Qf4 c5 34.dxc5 dxc5 35.Qb8+ Kh7 36.Qh2+ Kg8
37.Be3 b6 38.Qc7 Qe6 39.a5 Be5 40.Qd8+ Kh7 41.Qh4+ Kg7 42.g3 Bf6 43.Qh6+ Kf7
44.Kg2 Ke7 45.axb6 axb6 46.Bf4 Be8 47.Ne3  1-0

[Event "20th Belgrade Trophy"]
[Site "Belgrade SRB"]
[Date "2007.11.25"]
[Round "4"]
[White "Sente,D"]
[Black "Momirovic,M"]
[Result "1-0"]
[WhiteElo "2035"]
[BlackElo "1840"]

1.d4 Nf6 2.c4 g6 3.Nc3 Bg7 4.e4 d6 5.Nf3 O-O 6.Be2 e5 7.d5 h6 8.b4 Kh7 9.O-O Ng8
10.Nd2 Ne7 11.Nb3 f5 12.exf5 gxf5 13.f4 e4 14.Qc2 Ng6 15.g3 Nd7 16.Be3 Nf6
17.Rad1 b6 18.c5 bxc5 19.bxc5 a5 20.cxd6 cxd6 21.a4 Bd7 22.Qa2 Rc8 23.Nb5 Bxb5
24.axb5 Ra8 25.Nd4 Qd7 26.b6 Ng4 27.Bxg4 Bxd4 28.Rxd4 fxg4 29.Rxe4 Qf5 30.Rc4 Rfe8
31.Rc7+ Kg8 32.b7 Rab8 33.Ba7 Rbd8 34.Qb1 Qf6 35.Qa1 Qf8 36.Rb1 Ne7 37.b8=Q Rxb8
38.Rxb8 Nf5 39.Rxe8 Qxe8 40.Qb1 Ne7 41.Qe4 Kf8 42.Bd4 a4 43.Bg7+ Kf7 44.Qe6+  1-0

[Event "TCh-HUN 2007-8"]
[Site "Budapest HUN"]
[Date "2007.11.25"]
[Round "3"]
[White "Banusz,T"]
[Black "Tatar Kis,S"]
[Result "0-1"]
[WhiteElo "2491"]
[BlackElo "2375"]

1.d4 Nf6 2.c4 g6 3.Nc3 Bg7 4.e4 d6 5.Nf3 O-O 6.Be2 e5 7.d5 a5 8.Bg5 h6 9.Bh4 Na6
10.Nd2 Qe8 11.O-O Bd7 12.b3 Nh7 13.a3 h5 14.f3 f5 15.Rb1 g5 16.Bf2 f4 17.b4 axb4
18.axb4 b6 19.Qb3 g4 20.Kh1 Qg6 21.Rfc1 Kh8 22.Bf1 Bf6 23.Ne2 Rg8 24.Qd3 Ng5
25.Ng1 g3 26.Be1 h4 27.Qe2 gxh2 28.Kxh2 h3 29.g4 fxg3+ 30.Bxg3 Ne6 31.Qf2 Nf4
32.Bxf4 exf4 33.Ne2 Qh6 34.Kh1 Rg2 35.Qe1 Rag8 36.e5 Bh4 37.Qd1 Qg6 38.e6 Rxe2
39.Bxh3 Rh2+  0-1

[Event "WYb18"]
[Site "Kemer TUR"]
[Date "2007.11.25"]
[Round "8"]
[White "Krstic,P"]
[Black "Abasov,N"]
[Result "1/2-1/2"]
[WhiteElo "2358"]
[BlackElo "2216"]

1.d4 Nf6 2.c4 g6 3.Nc3 Bg7 4.e4 d6 5.Nf3 O-O 6.Be2 e5 7.d5 a5 8.Bg5 h6 9.Bh4 Na6
10.Nd2 Qe8 11.O-O Nh7 12.f3 Bf6 13.Bf2 Qe7 14.Kh1 Bg5 15.a3 Bd7 16.b3 h5
17.Rb1 Kh8 18.b4 axb4 19.axb4 b6 20.Qc2 f5 21.Bd3 f4 22.Ne2 Bh4 23.Bg1 Bf6
24.c5 bxc5 25.Bxa6 Rxa6 26.bxc5 Raa8 27.Rb7 Qd8 28.c6 Bc8 29.Rfb1 g5 30.Rb8 Rxb8
31.Rxb8 g4 32.Nc3 Ng5 33.Qa4 gxf3 34.gxf3 Nxf3 35.Rxc8 Qxc8 36.Nxf3 Qh3 37.Qd1 Rg8
38.Ne1 Qxc3 39.Qxh5+ Kg7 40.Qg4+  1/2-1/2

[Event "WYg16"]
[Site "Kemer TUR"]
[Date "2007.11.25"]
[Round "8"]
[White "Li Panru"]
[Black "Melekhina,A"]
[Result "1-0"]
[WhiteElo "2030"]
[BlackElo "2208"]

1.d4 Nf6 2.c4 g6 3.Nc3 Bg7 4.e4 d6 5.Nf3 O-O 6.Be2 e5 7.O-O Na6 8.Rb1 exd4
9.Nxd4 Nc5 10.f3 c6 11.Be3 Re8 12.Qd2 Qe7 13.Bg5 Nfxe4 14.Nxe4 Nxe4 15.fxe4 Qxe4
16.Nc2 h6 17.Bd3 Qg4 18.Bxh6 Be5 19.Qg5 Qe6 20.Bf5 Bxh2+ 21.Kh1 Qe5 22.Rbe1 Qxe1
23.Rxe1 Rxe1+ 24.Kxh2 Kh7 25.Bxc8 Re5 26.Qf6 Kxh6 27.Qxd6 Rh5+ 28.Bh3  1-0

[Event "WYb14"]
[Site "Kemer TUR"]
[Date "2007.11.25"]
[Round "8"]
[White "Komut,B"]
[Black "Caprio,G"]
[Result "0-1"]
[WhiteElo "1847"]
[BlackElo "2071"]

1.d4 Nf6 2.Nf3 g6 3.c4 Bg7 4.Nc3 O-O 5.e4 d6 6.Be2 e5 7.dxe5 dxe5 8.Qxd8 Rxd8
9.Bg5 c6 10.Nxe5 Re8 11.O-O-O Na6 12.f4 h6 13.Bh4 g5 14.fxg5 hxg5 15.Bg3 Nc5
16.Bd3 Ng4 17.Nxg4 Bxg4 18.Rd2 Bxc3 19.bxc3 Nxd3+ 20.Rxd3 Rxe4 21.Rd4 Rxd4
22.cxd4 Be6 23.Kd2 Bxc4 24.a3 Bd5 25.Be5 Kh7 26.Rf1 Be6 27.h3 Rd8 28.Kc3 Rd7
29.Rf6 Rd5 30.Rf2 Ra5 31.Bd6 Kg6 32.Rb2 b6 33.Bb4 Rd5 34.Be7 f6 35.Rf2 Bf5
36.g4 Kf7 37.Re2 Be6 38.Bb4 a5 39.Bf8 Rd8  0-1

[Event "WYg16"]
[Site "Kemer TUR"]
[Date "2007.11.25"]
[Round "8"]
[White "Saulyte,E"]
[Black "Agrest,I"]
[Result "0-1"]
[WhiteElo "1968"]
[BlackElo "2121"]

1.d4 Nf6 2.c4 g6 3.Nc3 Bg7 4.e4 d6 5.Be2 O-O 6.Nf3 Na6 7.O-O e5 8.Be3 c6
9.d5 c5 10.a3 Ng4 11.Bg5 f6 12.Bh4 h5 13.h3 Nh6 14.Rb1 g5 15.Bg3 f5 16.exf5 h4
17.Bh2 g4 18.hxg4 Nxg4 19.Nd2 Nxh2 20.Kxh2 Bxf5 21.Nde4 Bh6 22.Bg4 Bg6 23.Be6+ Kh7
24.g3 Nc7 25.Bg4 Ne8 26.Bh5 Bf5 27.Bg4 Qd7 28.Bxf5+ Qxf5 29.b4 b6 30.bxc5 dxc5
31.Qe2 Rd8 32.Rbd1 Ng7 33.Nb5 Nh5 34.Qd3 Kh8 35.Nxa7 Rd7 36.Nc6 hxg3+ 37.fxg3 Nf4
38.gxf4 Bxf4+ 39.Rxf4 Qxf4+ 40.Qg3 Rh7+  0-1

[Event "WYb18"]
[Site "Kemer TUR"]
[Date "2007.11.26"]
[Round "9"]
[White "Hesham,A"]
[Black "Tucakovic,M"]
[Result "0-1"]
[WhiteElo "1982"]
[BlackElo "1922"]

1.d4 Nf6 2.c4 g6 3.Nc3 Bg7 4.e4 d6 5.Nf3 O-O 6.Be2 e5 7.d5 Ne8 8.O-O f5 9.Ne1 f4
10.f3 h5 11.Nd3 Nd7 12.Bd2 g5 13.Be1 Ndf6 14.Bf2 Bd7 15.b4 Qc8 16.c5 g4 17.b5 gxf3
18.Bxf3 Bg4 19.h3 Bxf3 20.Qxf3 Nh7 21.Bh4 Nef6 22.c6 b6 23.Nb4 Qe8 24.Na6 Rc8
25.a4 Qg6 26.a5 Ne8 27.axb6 axb6 28.Nb4 Bf6 29.Bxf6 Nexf6 30.h4 Ng4 31.Nc2 Rf7
32.Ra2 Rg7 33.Rfa1 Qf6 34.Ra8 Rxa8 35.Rxa8+ Nf8 36.Qh3 f3 37.g3 f2+ 38.Kf1 Qf3
39.Ra3 Qd3+ 40.Ne2 Qd1+  0-1

[Event "WYb18"]
[Site "Kemer TUR"]
[Date "2007.11.26"]
[Round "9"]
[White "Lalith,B"]
[Black "Stojic,D"]
[Result "1-0"]
[WhiteElo "2350"]
[BlackElo "2193"]

1.Nf3 Nf6 2.c4 g6 3.Nc3 Bg7 4.e4 d6 5.d4 O-O 6.Be2 Na6 7.O-O e5 8.Be3 c6
9.h3 exd4 10.Bxd4 Re8 11.Nd2 Nc5 12.Bf3 Nfd7 13.Be3 Ne5 14.Be2 f5 15.exf5 Bxf5
16.Nb3 Ned3 17.Nxc5 dxc5 18.Qb3 Qb6 19.g4 Nxb2 20.gxf5 Qxb3 21.axb3 Bxc3
22.Rac1 Bf6 23.Rc2 Rad8 24.fxg6 hxg6 25.Bxc5 Nd3 26.Be3 Nb4 27.Rcc1 Bd4 28.Bg5 Rd6
29.Bg4 c5 30.Kg2 Kf7 31.Rfe1 Rxe1 32.Rxe1 Bf6 33.Bh6 Nc2 34.Rb1 Nd4 35.b4 Rb6
36.b5 a5 37.Bf4 Ne6 38.Bb8 a4 39.Ba7 a3 40.Bxb6 a2 41.Bxe6+ Kxe6 42.Re1+ Kd6
43.Rd1+ Bd4 44.Rxd4+  1-0

[Event "20th Belgrade Trophy"]
[Site "Belgrade SRB"]
[Date "2007.11.28"]
[Round "7"]
[White "Stamenkovic,A"]
[Black "Damjanovic,L"]
[Result "1-0"]
[WhiteElo "2249"]
[BlackElo "2119"]

1.Nf3 d6 2.d4 Nf6 3.c4 g6 4.Nc3 Bg7 5.e4 O-O 6.Be2 Na6 7.O-O e5 8.Be3 c6
9.Rb1 Ng4 10.Bg5 f6 11.Bc1 f5 12.h3 exd4 13.Nxd4 Qb6 14.hxg4 Qxd4 15.gxf5 gxf5
16.Qxd4 Bxd4 17.Rd1 Bb6 18.b4 fxe4 19.c5 dxc5 20.Bc4+ Kg7 21.Nxe4 Rd8 22.Rxd8 Bxd8
23.bxc5 b5 24.cxb6 axb6 25.Rb3 Bg4 26.Bb2+ Kf8 27.Ba3+ Kg7 28.f3 Bf5 29.Ng3 Bg6
30.Bb2+ Kf8 31.Bd4 b5 32.Be6 Be7 33.Rc3 c5 34.Be3 Nc7 35.Bd7 Nd5 36.Bh6+ Kf7
37.Rb3 b4 38.Bc6 Rd8 39.Bb5 Nb6 40.Re3 c4 41.Rxe7+ Kf6 42.Rb7 Rd6 43.Be3  1-0

[Event "WYb14"]
[Site "Kemer TUR"]
[Date "2007.11.28"]
[Round "11"]
[White "Grigoriev,S"]
[Black "Tanaka,C"]
[Result "0-1"]
[WhiteElo "2137"]
[BlackElo "2166"]

1.d4 Nf6 2.c4 g6 3.Nc3 Bg7 4.e4 d6 5.Nf3 O-O 6.Be2 e5 7.Be3 Ng4 8.Bg5 f6
9.Bh4 Nc6 10.O-O g5 11.Bg3 Nh6 12.dxe5 fxe5 13.Qd2 Nf7 14.Rfd1 Be6 15.Ne1 Nd4
16.Nc2 c6 17.Ne3 Qd7 18.f3 Nh8 19.Bf2 Ng6 20.Nc2 c5 21.Nd5 Nf4 22.Nxd4 exd4
23.Bf1 h6 24.b4 Be5 25.a4 Qg7 26.Ra3 g4 27.bxc5 dxc5 28.Kh1 Nh5 29.fxg4 Bxg4
30.Re1 Rf7 31.Bg1 Raf8 32.Be2 Kh7 33.Rb3 b6 34.Reb1 Rg8 35.Bxg4 Qxg4 36.a5 bxa5
37.Rb7 Rgg7 38.Rxf7 Rxf7 39.Qd3 Qh4 40.Qh3 Qxh3 41.gxh3 Nf4 42.Rb3 Ne2 43.Rb2 Nc3
44.Nxc3 dxc3 45.Ra2 Rb7 46.Rxa5 Rb1 47.Rxa7+ Kg6 48.Ra6+ Kh5 49.Kg2 Rxg1+
50.Kxg1 c2  0-1

[Event "WYb14"]
[Site "Kemer TUR"]
[Date "2007.11.28"]
[Round "11"]
[White "Nikolashvili,G"]
[Black "Arribas Lopez,A"]
[Result "1/2-1/2"]
[WhiteElo "2112"]
[BlackElo "2312"]

1.d4 Nf6 2.c4 g6 3.Nc3 Bg7 4.e4 d6 5.Nf3 O-O 6.Be2 Nbd7 7.O-O e5 8.Be3 Ng4
9.Bg5 f6 10.Bh4 Nh6 11.dxe5 dxe5 12.b4 c6 13.Qb3 Nf7 14.Rfd1 Qe7 15.a3 Nb6
16.Nd2 Rd8 17.c5 Be6 18.Qc2 Nd7 19.Nc4 Nf8 20.f3 Rxd1+ 21.Rxd1 Rd8 22.Bf2 Rxd1+
23.Qxd1 Qd7 24.Qa4 a6 25.Qd1 Qxd1+ 26.Nxd1 Bh6 27.Be3 Bxe3+ 28.Ndxe3 Nd7
29.Na5 Nd8 30.Bc4 Kf7 31.Kf2 Ke7 32.Bxe6 Kxe6 33.Nec4 Nf8 34.Nb6 Ke7 35.Nac4 Nfe6
36.Ke2 Nf7 37.Na5 Nfd8 38.Nac4 Nf7 39.Na5  1/2-1/2

[Event "WYg16"]
[Site "Kemer TUR"]
[Date "2007.11.28"]
[Round "11"]
[White "Thilaganathan,J"]
[Black "Parmar,A"]
[Result "1/2-1/2"]
[WhiteElo "1929"]
[BlackElo "2007"]

1.d4 Nf6 2.c4 g6 3.Nc3 Bg7 4.e4 d6 5.Nf3 O-O 6.Be2 e5 7.d5 Nbd7 8.Bg5 h6
9.Bh4 a5 10.Qc2 g5 11.Bg3 Nc5 12.b3 Bd7 13.Nd2 Ne8 14.f3 f5 15.O-O f4 16.Bf2 Rf6
17.Rfb1 h5 18.Kf1 g4 19.Bh4 g3 20.hxg3 fxg3 21.Ke1 Qc8 22.Bxf6 Nxf6 23.Bf1 h4
24.a3 h3 25.Ne2 Nh5 26.gxh3 Bxh3 27.b4 Na6 28.Ng1 g2 29.Bxg2 Bxg2 30.Nb3 Nf4
31.Nxa5 Qd8 32.Rd1 Bh6 33.Qf2 Bg5 34.Qg3 Kf7 35.Qg4 Qf6 36.Rd2 Rg8 37.Qd7+ Kg6
38.Qg4 Kh7 39.Qd7+ Rg7 40.Qf5+ Qxf5 41.exf5 b6 42.Nb3 Bf6 43.Rc1 Kg8 44.Kf2 Bg5
45.Rcd1 Bh4+ 46.Ke3  1/2-1/2

[Event "20th Belgrade Trophy"]
[Site "Belgrade SRB"]
[Date "2007.11.29"]
[Round "8"]
[White "Ristic,Neb2"]
[Black "Kuzmanovic,S"]
[Result "0-1"]
[WhiteElo "2301"]
[BlackElo "2108"]

1.d4 g6 2.Nf3 Nf6 3.c4 Bg7 4.Nc3 O-O 5.e4 d6 6.Be2 e5 7.O-O exd4 8.Nxd4 Re8
9.f3 c6 10.Kh1 d5 11.exd5 cxd5 12.Bg5 dxc4 13.Bxc4 Qa5 14.Ndb5 Nbd7 15.Bf4 Ne5
16.Bxe5 Rxe5 17.Nd6 Be6 18.Qb3 Qc7 19.Bxe6 Rxe6 20.Ncb5 Qe7 21.Nc4 Qc5 22.Rad1 Nd5
23.Nbd6 Nb6 24.Nxb6 Qxb6 25.Qxb6 axb6 26.Nxb7 Bxb2 27.Rd2 Rxa2 28.g4 Ra1
29.Kg2 Rxf1 30.Kxf1 Be5 31.Nd8 Rd6 32.Rxd6 Bxd6 33.h3 Kf8 34.Nc6 Ke8 35.Ke2 Kd7
36.Nd4 Bc5 37.Nb3 Kd6 38.f4 Kd5 39.Nd2 Bd4 40.Kd3 b5 41.Ne4 h6 42.h4 b4 43.h5 b3
44.hxg6 fxg6 45.f5 gxf5 46.gxf5 b2 47.Nd2 Bf6 48.Ke2 Bg5 49.Nb1 Ke5 50.Kf3 Kxf5
51.Na3 Be7 52.Nb1 Bb4 53.Ke3 h5 54.Kf3 h4 55.Kf2 Ke4  0-1

[Event "20th Belgrade Trophy"]
[Site "Belgrade SRB"]
[Date "2007.11.29"]
[Round "8"]
[White "Bogdanovski,V"]
[Black "Ljangov,P"]
[Result "0-1"]
[WhiteElo "2429"]
[BlackElo "2163"]

1.d4 Nf6 2.Nf3 g6 3.c4 Bg7 4.Nc3 d6 5.e4 O-O 6.Be2 e5 7.O-O Nbd7 8.Qc2 c6
9.Rd1 Qc7 10.Rb1 exd4 11.Nxd4 Nc5 12.b4 Ne6 13.Nb3 Rd8 14.Bf3 h6 15.Be3 Ng5
16.Be2 Re8 17.Nd2 d5 18.exd5 cxd5 19.Nb5 Qb8 20.Nf1 Bf5 21.Bd3 Bxd3 22.Rxd3 a6
23.Na3 dxc4 24.Nxc4 Qc7 25.Qb3 Rad8 26.Rxd8 Qxd8 27.Rd1 Qe7 28.Nd6 Rd8 29.Bc5 Qe6
30.Nxb7 Rxd1 31.Qxd1 Qxa2 32.Nd6 Nge4 33.Nxe4 Nxe4 34.Be3  0-1

[Event "20th Belgrade Trophy"]
[Site "Belgrade SRB"]
[Date "2007.11.30"]
[Round "9"]
[White "Djurdjevic,P2"]
[Black "Ristic,Neb2"]
[Result "0-1"]
[WhiteElo "2024"]
[BlackElo "2301"]

1.Nf3 Nf6 2.c4 g6 3.Nc3 Bg7 4.e4 d6 5.d4 O-O 6.Be2 e5 7.d5 a5 8.b3 Na6 9.Bg5 h6
10.Be3 Nd7 11.g4 Ndc5 12.Rg1 Kh7 13.g5 h5 14.Nh4 Kg8 15.Rg3 c6 16.Kf1 cxd5
17.cxd5 Bd7 18.Bxh5 gxh5 19.Qxh5 Nb4 20.Nf5 Nc2 21.Nxg7 Nxe3+ 22.fxe3 Kxg7
23.Qh6+ Kg8 24.Kg1 Be8 25.Rf1 Qe7 26.Rg4 Bd7 27.Rh4 f5 28.Qh8+ Kf7 29.Qh5+ Kg8
30.g6 Qg7 31.exf5 Rf6 32.e4 Raf8 33.Qg5 Nxe4 34.Nxe4 Rxf5 35.Rxf5 Rxf5 36.Qd8+ Rf8
37.Qg5 Bf5 38.Nxd6 Bd3 39.Rg4 Rf1+ 40.Kg2 Qc7 41.Nf5 Qc2+  0-1

[Event "Four Nations Jr Teams"]
[Site "Oslo NOR"]
[Date "2007.11.30"]
[Round "1"]
[White "Grandelius,N"]
[Black "Savickas,A"]
[Result "1/2-1/2"]
[WhiteElo "2377"]
[BlackElo "2368"]

1.d4 d6 2.Nf3 Nf6 3.c4 g6 4.Nc3 Bg7 5.e4 O-O 6.Be2 e5 7.O-O c6 8.Be3 exd4
9.Nxd4 Re8 10.Qc2 Qe7 11.Bf3 Na6 12.Rfe1 Nc5 13.Rad1 Bg4 14.h3 Bxf3 15.Nxf3 Ne6
16.Qd2 Red8 17.Bh6 Bh8 18.Nd5 Qe8 19.b3 Nd7 20.Qb4 Ndc5 21.Qa3 a5 22.Qc1 Rab8
23.Qd2 Qd7 24.Nf4 Qc7 25.Nxe6 Nxe6 26.Be3 Be5 27.Ng5 Nc5 28.Qc2 Qe7 29.Nf3 b6
30.Kh1 Ne6 31.Nd4 Nxd4 32.Bxd4 b5 33.cxb5 cxb5 34.Qd3 Rdc8 35.Rc1 Bxd4 36.Qxd4 Qe5
37.Qa7 b4 38.Rc7 Ra8 39.Qb7 Rxc7 40.Qxc7 Qc5 41.Qxc5 dxc5 42.Rc1  1/2-1/2

[Event "TCh-AUT 1st Bundesliga 2007-8"]
[Site "Baden AUT"]
[Date "2007.12.02"]
[Round "3"]
[White "Platzgummer,F"]
[Black "Karner,C"]
[Result "1/2-1/2"]
[WhiteElo "2150"]
[BlackElo "2356"]

1.d4 Nf6 2.c4 g6 3.Nc3 Bg7 4.e4 d6 5.Nf3 O-O 6.Be2 e5 7.Be3 Ng4 8.Bg5 f6
9.Bh4 g5 10.Bg3 Nh6 11.d5 f5 12.exf5 Nxf5 13.Nd2 Nd7 14.Nde4 h6 15.O-O Qe7
16.Re1 Nf6 17.Nxf6+ Bxf6 18.Ne4 Nd4 19.Bf1 Qd8  1/2-1/2

[Event "TCh-AUT 1st Bundesliga 2007-8"]
[Site "Baden AUT"]
[Date "2007.12.02"]
[Round "3"]
[White "Likavsky,T"]
[Black "Orlov,And"]
[Result "1-0"]
[WhiteElo "2496"]
[BlackElo "2481"]

1.d4 Nf6 2.c4 g6 3.Nc3 Bg7 4.e4 d6 5.Nf3 O-O 6.Be2 e5 7.O-O Nbd7 8.Rb1 exd4
9.Nxd4 Nc5 10.f3 a5 11.Ndb5 Bd7 12.Be3 b6 13.Qd2 Re8 14.Rfe1 Bc6 15.Bf1 Ne6
16.b3 h5 17.a3 h4 18.Rbc1 Nd7 19.Nd5 g5 20.Ndxc7 Nxc7 21.Bxg5 f6 22.Bxh4 Ne5
23.Nxd6 Re6 24.Rcd1 Bf8 25.Nb5 Qxd2 26.Rxd2 Bxb5 27.cxb5 Bxa3 28.Red1 Bc5+
29.Kh1 Kf8 30.h3 Ne8 31.f4 Nf7 32.Bc4 Rd6 33.Bd5 Ra7 34.e5 fxe5 35.fxe5 Nxe5
36.Bg3 Re7 37.Re2 Nc7 38.Rxe5 Rxe5 39.Bxe5 Rxd5 40.Rf1+ Ke8 41.Bxc7 Kd7 42.Bf4 Be7
43.Rf3 Rxb5 44.g4 Rd5 45.Rg3 Ke6 46.Bc7 Rb5 47.Rd3 Rb4 48.Kg2 Bc5 49.Kg3 a4
50.bxa4 Rxa4 51.Rb3 Ra7 52.Bd8 Ra8 53.Bc7 Ra7 54.Bf4 Rb7 55.Rb5 Ra7 56.Rb3 Rb7
57.g5 Kf5 58.Rf3 Ke4 59.Kg4 b5 60.h4 b4 61.g6 Bf8 62.Bc1 Bg7 63.Rf7 Rxf7
64.gxf7 Kd3 65.Kf5 Kc2 66.Kg6 Bf8 67.Bh6 b3 68.Bxf8 b2 69.Be7 b1=Q 70.f8=Q Qb6+
71.Qf6 Qg1+ 72.Qg5 Qb6+ 73.Bf6 Qc6 74.Qf5+ Kd1 75.Qd3+  1-0

[Event "Open"]
[Site "Rijeka CRO"]
[Date "2007.12.02"]
[Round "9"]
[White "Grooten,H"]
[Black "Muhvic,D"]
[Result "1/2-1/2"]
[WhiteElo "2350"]
[BlackElo "2249"]

1.d4 Nf6 2.c4 g6 3.Nc3 Bg7 4.e4 d6 5.Nf3 O-O 6.Be2 e5 7.Be3 Ng4 8.Bg5 f6
9.Bh4 Nc6 10.d5 Ne7 11.Nd2 f5 12.Bxg4 fxg4 13.Bg5 h6 14.Be3 c5 15.Nf1 Kh7
16.h3 gxh3 17.g4 Qd7 18.f3 h5 19.Rxh3 Kg8 20.Nh2 Kf7 21.Qd2 Rh8 22.O-O-O a6
23.Rf1 Ke8 24.Rh4 Ng8 25.g5 Ne7 26.f4 Rf8 27.Nf3 exf4 28.Bxf4 Qd8 29.Re1 Kf7
30.Qh2 Bg4 31.Nd2 Nc8 32.e5 dxe5 33.Bxe5 Qxg5 34.Bxg7 Kxg7 35.Ne4 Qf4 36.Qg1 b6
37.Ng3 Qg5 38.Rh2 Nd6 39.Re6 Nxc4 40.Ne4 Qe3 41.Re7+ Rf7 42.Rxf7+ Kxf7 43.Qf1+ Kg7
44.Qxc4 Qg1+ 45.Nf1 Re8 46.Qc3+ Kh6 47.Ng3 Rf8 48.Qe3+ Qxe3+ 49.Nxe3 Bf3
50.d6 Rd8 51.Rf2 Bc6 52.Nc4 h4 53.Nf1 Kh5 54.Rf6 Bb5 55.b3 g5 56.Nfe3 Bxc4
57.Nxc4 h3 58.Rf7 b5 59.Ne3 Rxd6 60.Rh7+ Rh6 61.Rxh6+ Kxh6 62.Kd2 Kh5 63.Nf1 Kg4
64.Ke3 c4 65.bxc4 bxc4 66.Kf2 c3 67.Ne3+ Kh4 68.Nf5+ Kg4 69.Ne3+ Kh4 70.Nf5+ Kh5
71.Ne3 g4 72.Kg3 Kg5 73.Kh2 Kh4 74.Nf5+ Kg5 75.Ne3 Kh4 76.Nf5+ Kg5 77.Ne3 Kh4
78.Nf5+  1/2-1/2

[Event "Parsvnath ch-Commonwealth"]
[Site "New Delhi IND"]
[Date "2007.12.03"]
[Round "2"]
[White "Ashwath,R"]
[Black "Sai,KG"]
[Result "1-0"]
[WhiteElo "2374"]
[BlackElo "2167"]

1.d4 Nf6 2.c4 g6 3.Nc3 Bg7 4.e4 d6 5.Nf3 O-O 6.Be2 e5 7.d5 Nbd7 8.h4 Nc5
9.Nd2 h5 10.b4 Na6 11.Rb1 Ng4 12.Nf3 f5 13.Ng5 Qf6 14.f3 Nh6 15.c5 f4 16.Ne6 Bxe6
17.dxe6 Qxe6 18.c6 Rad8 19.Bxa6 bxa6 20.Qd5 Qxd5 21.Nxd5 Rf7 22.Bd2 Rb8 23.a4 Bf6
24.Ke2 Kg7 25.b5 axb5 26.Rxb5 Rxb5 27.axb5 Ng8 28.Ra1 Bxh4 29.Rxa7 Bd8 30.Ba5 Ne7
31.Nxc7 Kh6 32.Nd5 Nxc6 33.Rxf7 Nd4+ 34.Kd3 Bxa5 35.b6 Kg5 36.b7 Nc6 37.Rf8 Kh4
38.Ne7 Nxe7 39.b8=Q  1-0

[Event "Parsvnath ch-Commonwealth"]
[Site "New Delhi IND"]
[Date "2007.12.03"]
[Round "2"]
[White "Islam,Kh"]
[Black "Mohana,P"]
[Result "1/2-1/2"]
[WhiteElo "2390"]
[BlackElo "1988"]

1.d4 Nf6 2.c4 g6 3.Nc3 Bg7 4.e4 d6 5.Nf3 O-O 6.Be2 e5 7.Be3 Na6 8.O-O Ng4
9.Bg5 f6 10.Bc1 c6 11.Rb1 Nc7 12.d5 f5 13.b4 f4 14.Ba3 Nh6 15.Ne1 g5 16.f3 Nf7
17.Nd3 cxd5 18.exd5 h5 19.Nf2 Nh6 20.c5 Nf5 21.Bc1 Nd4 22.Bc4 Kh8 23.Nce4 b5
24.Bb3 Bb7 25.Nxd6 Bxd5 26.Bxd5 Nxd5 27.Qd3 Nc3 28.Rb2 Na4 29.Qg6 Nxb2 30.Qxh5+ Kg8
31.Bxb2 Nf5 32.Nfe4 Nxd6 33.cxd6 Rf5 34.Qg6 Qd7 35.Nxg5 Rxg5 36.Qxg5 Qxd6
37.a3 Qd2 38.Ba1 Qe3+ 39.Kh1 Rc8 40.Qe7 Rc1 41.Qd8+ Kh7 42.Qh4+ Kg8 43.Qd8+  1/2-1/2

[Event "Parsvnath ch-Commonwealth"]
[Site "New Delhi IND"]
[Date "2007.12.05"]
[Round "4"]
[White "Rajesh,VA"]
[Black "Girinath,P"]
[Result "0-1"]
[WhiteElo "2189"]
[BlackElo "2448"]

1.d4 Nf6 2.c4 g6 3.Nc3 Bg7 4.e4 d6 5.Nf3 O-O 6.Be2 e5 7.O-O exd4 8.Nxd4 Re8
9.f3 c6 10.Kh1 Nh5 11.f4 Nf6 12.Bf3 Na6 13.f5 Nc5 14.fxg6 fxg6 15.Re1 Ncd7
16.Bf4 Ne5 17.Bxe5 dxe5 18.Nc2 Qe7 19.Qe2 h5 20.Ne3 Nh7 21.Rad1 Ng5 22.a3 Ne6
23.Nc2 Nd4 24.Nxd4 exd4 25.Na2 Be5 26.g3 Rf8 27.Rf1 Bh3 28.Bg2 Bg4 29.Bf3 Be6
30.Nc1 Rf6 31.Qc2 Raf8 32.Nd3 Bh3 33.Bg2 Rxf1+ 34.Rxf1 Rxf1+ 35.Bxf1 Bxf1
36.Nf2 d3 37.Nxd3 Bxd3 38.Qxd3 Bxb2 39.a4 Be5 40.Qb3 Kg7 41.Kg2 b6 42.a5 bxa5
43.Qa4 Qc5 44.Kf3 Kh6 45.Qb3 Qd4 46.Qc2 Qc3+  0-1

[Event "Parsvnath ch-Commonwealth"]
[Site "New Delhi IND"]
[Date "2007.12.05"]
[Round "4"]
[White "Islam,Kh"]
[Black "Sai,KG"]
[Result "1-0"]
[WhiteElo "2390"]
[BlackElo "2167"]

1.Nf3 Nf6 2.d4 g6 3.c4 Bg7 4.Nc3 d6 5.e4 O-O 6.Be2 e5 7.d5 a5 8.Bg5 h6 9.Bh4 Na6
10.Nd2 Qd7 11.a3 Nh7 12.b4 f5 13.f3 Qf7 14.O-O Bd7 15.Rb1 axb4 16.axb4 b6
17.Qb3 Nb8 18.Ra1 Rxa1 19.Rxa1 g5 20.Bg3 g4 21.fxg4 fxg4 22.c5 h5 23.c6 Bh6
24.Rf1 Qe7 25.Rxf8+ Nxf8 26.Nc4 Bc8 27.b5 h4 28.Bf2 Qg5 29.Nd1 Ng6 30.g3 hxg3
31.hxg3 Nf4 32.gxf4 exf4 33.Bf1 g3 34.Bxg3 fxg3 35.Kg2 Bg4 36.Nde3 Kh8 37.Be2 Bc8
38.Nf1 Qh4 39.Qc3+ Bg7 40.Qxg3 Qxe4+ 41.Qf3 Bf5 42.Ng3 Qxf3+ 43.Kxf3 Bc2
44.Nxd6 Bb3 45.Ke4 Bc2+ 46.Bd3 Bxd3+ 47.Kxd3 Be5 48.Nf7+ Kg7 49.Nxe5 Kf6
50.d6  1-0

[Event "Parsvnath ch-Commonwealth"]
[Site "New Delhi IND"]
[Date "2007.12.06"]
[Round "6"]
[White "Ashwath,R"]
[Black "Thipsay,P"]
[Result "0-1"]
[WhiteElo "2374"]
[BlackElo "2473"]

1.d4 Nf6 2.c4 g6 3.Nc3 Bg7 4.e4 d6 5.Nf3 O-O 6.Be2 Nbd7 7.O-O e5 8.d5 a5
9.Qc2 Nc5 10.Bg5 h6 11.Be3 b6 12.Nd2 Ng4 13.Bxg4 Bxg4 14.a3 Na6 15.Rab1 Bd7
16.b4 axb4 17.axb4 f5 18.f3 f4 19.Bf2 g5 20.c5 bxc5 21.bxc5 dxc5 22.Nc4 Qe7
23.d6 cxd6 24.Nd5 Qe6 25.Ncb6 Ra7 26.Qc4 Nb8 27.Ra1 Rb7 28.Rfd1 Kh7 29.Rd2 Be8
30.Nc3 Qg6 31.Nbd5 g4 32.Bh4 gxf3 33.Kh1 Bf7 34.Qd3 Nc6 35.Qxf3 Nd4 36.Qd3 Bxd5
37.Nxd5 f3 38.Ne3 Rb3  0-1